000 00290nam a2200109Ia 4500
008 191201s2013 xx 000 0 und d
100 _aHOLZNER,Steven
245 0 _aVisual Basic 6 Programming Black Book
250 _aRep
260 _c2013
_bWiley Dreautech India
_aNew Delhi
942 _2ddc
_cBK
999 _c7926
_d7926